[Event "FIN-chT2 Gp1 1819"]
[Site "Finland"]
[Date "2019.01.13"]
[Round "5.4"]
[White "Kekalainen, Timo"]
[Black "Rauramaa, Julius"]
[Result "1/2-1/2"]
[WhiteElo "1881"]
[BlackElo "2011"]
[PlyCount "68"]
[EventDate "2018.09.15"]
[EventType "team-tourn"]
[EventRounds "6"]
[EventCountry "FIN"]
[SourceTitle "EXT 2020"]
[Source "ChessBase"]
[SourceDate "2019.10.17"]
[SourceVersion "1"]
[SourceVersionDate "2019.10.17"]
[SourceQuality "1"]
[WhiteTeam "Hameenlinna"]
[BlackTeam "Espoo MatSK III"]
[WhiteTeamCountry "FIN"]
[BlackTeamCountry "FIN"]

1. d4 Nf6 2. c4 c5 3. d5 b5 4. cxb5 a6 5. e3 g6 6. Nc3 Bg7 7. a4 0-0 8. Nf3 d6 9. Ra3 Bf5 10. Nd2 axb5 11. Bxb5 Na6 12. 0-0 Nb4 13. e4 Bg4 14. f3 Bd7 15. Nc4 Bxb5 16. Nxb5 Nd7 17. b3 Ne5 18. Nxe5 Bxe5 19. Qe2 Qb6 20. Qc4 Na6 21. Be3 Rfb8 22. f4 Bg7 23. f5 Nc7 24. Nxc7 Qxc7 25. Bd2 Qa7 26. Kh1 Qb7 27. fxg6 hxg6 28. Rb1 Qd7 29. h3 Be5 30. a5 Kh7 31. Qf1 Kg7 32. Qc4 Kh7 33. Qf1 Kg7 34. Qc4 Kh7 1/2-1/2